[Event "Padova op-A 18th"]
[Site "Padova"]
[Date "2015.12.17"]
[Round "6.21"]
[White "Varvaglione, Antonio"]
[Black "Cocchi, Andrea"]
[Result "0-1"]
[WhiteElo "2247"]
[BlackElo "2251"]
[PlyCount "68"]
[EventDate "2015.12.13"]
[EventType "swiss"]
[EventRounds "9"]
[EventCountry "ITA"]
[SourceTitle "EXT 2024"]
[Source "ChessBase"]
[SourceDate "2023.10.10"]
[SourceVersion "1"]
[SourceVersionDate "2023.10.10"]
[SourceQuality "1"]

1. e4 e6 2. d4 b6 3. Nf3 Bb7 4. Bd3 c5 5. c3 Nf6 6. Nbd2 Nc6 7. a3 d6 8. 0-0 Be7 9. Qe2 cxd4 10. cxd4 e5 11. d5 Nb8 12. b4 0-0 13. Nc4 Re8 14. b5 Nbd7 15. a4 Nc5 16. Bc2 a6 17. Be3 axb5 18. axb5 Qc7 19. Nfd2 Nfd7 20. Rfc1 f5 21. f3 Reb8 22. Nb3 fxe4 23. fxe4 Bc8 24. Nb2 Rxa1 25. Nxa1 Nf6 26. Qc4 Bd7 27. Nd3 Ng4 28. Bd2 Qd8 29. Nb4 Bg5 30. Nc6 Qf6 31. Qe2 Qh6 32. h3 Bxd2 33. Nxb8 Qf4 34. hxg4 Be3+ 0-1

[Event "Padova op-A 18th"]
[Site "Padova"]
[Date "2015.12.15"]
[Round "4.23"]
[White "Parrella, Alfredo"]
[Black "Cocchi, Andrea"]
[Result "1/2-1/2"]
[WhiteElo "2097"]
[BlackElo "2251"]
[PlyCount "80"]
[EventDate "2015.12.13"]
[EventType "swiss"]
[EventRounds "9"]
[EventCountry "ITA"]
[SourceTitle "EXT 2024"]
[Source "ChessBase"]
[SourceDate "2023.10.10"]
[SourceVersion "1"]
[SourceVersionDate "2023.10.10"]
[SourceQuality "1"]

1. c4 c5 2. Nf3 Nc6 3. d4 cxd4 4. Nxd4 Nf6 5. Nc3 e6 6. a3 Bc5 7. Nb3 Be7 8. e4 b6 9. Be2 Bb7 10. f4 0-0 11. 0-0 Na5 12. Nxa5 bxa5 13. Qd3 Bc6 14. Be3 d6 15. b4 axb4 16. axb4 a5 17. b5 Bb7 18. Bf3 Qc8 19. Na4 Nd7 20. Rac1 Qc7 21. Rfd1 Rfd8 22. Qe2 g6 23. g3 Nc5 24. Bxc5 dxc5 25. e5 Bxf3 26. Qxf3 Rxd1+ 27. Rxd1 Rd8 28. Rxd8+ Qxd8 29. b6 Qd4+ 30. Kg2 Qxc4 31. b7 Qb4 32. Qc6 Kg7 33. Nb6 Qb2+ 34. Kh3 g5 35. b8Q g4+ 36. Kxg4 Qe2+ 37. Kh3 Qh5+ 38. Kg2 Qe2+ 39. Kh3 Qh5+ 40. Kg2 Qe2+ 1/2-1/2

[Event "Forni di Sopra op 6th"]
[Site "Forni di Sopra"]
[Date "2015.06.20"]
[Round "9"]
[White "Cocchi, Andrea"]
[Black "Horvath, Csaba"]
[Result "0-1"]
[WhiteElo "2275"]
[BlackElo "2546"]
[PlyCount "84"]
[EventDate "2015.06.13"]
[EventType "swiss"]
[EventRounds "9"]
[EventCountry "ITA"]
[SourceTitle "CBM 167 Extra"]
[Source "ChessBase"]
[SourceDate "2015.09.14"]
[SourceVersion "1"]
[SourceVersionDate "2015.09.14"]
[SourceQuality "1"]

1. Nf3 Nf6 2. c4 d6 3. Nc3 e5 4. g3 c6 5. d3 Nbd7 6. Bg2 Be7 7. 0-0 0-0 8. Qc2 a5 9. b3 Re8 10. Bb2 Bf8 11. Rad1 Qc7 12. Rc1 g6 13. e3 Nc5 14. Nh4 Bg7 15. h3 Bd7 16. d4 Na6 17. Kh2 Rad8 18. Rcd1 b5 19. dxe5 dxe5 20. e4 b4 21. Na4 c5 22. Bf3 Nb8 23. Ng2 Bxa4 24. bxa4 Nc6 25. Ne3 Nd4 26. Bxd4 cxd4 27. Ng2 Nd7 28. Ne1 Rc8 29. Bg4 Red8 30. Nd3 Qxc4 31. Qe2 Qc6 32. Nb2 h5 33. Rc1 Qb7 34. Bxd7 Qxd7 35. Qa6 Rc3 36. Qxa5 Rdc8 37. Rcd1 Qb7 38. Nd3 Qxe4 39. Nxb4 h4 40. Qd5 hxg3+ 41. fxg3 Rc2+ 42. Kg1 Qe3+ 0-1

[Event "Forni di Sopra op 6th"]
[Site "Forni di Sopra"]
[Date "2015.06.14"]
[Round "2"]
[White "Stopa, Jacek"]
[Black "Cocchi, Andrea"]
[Result "1-0"]
[WhiteElo "2540"]
[BlackElo "2275"]
[PlyCount "79"]
[EventDate "2015.06.13"]
[EventType "swiss"]
[EventRounds "9"]
[EventCountry "ITA"]
[SourceTitle "CBM 167 Extra"]
[Source "ChessBase"]
[SourceDate "2015.09.14"]
[SourceVersion "1"]
[SourceVersionDate "2015.09.14"]
[SourceQuality "1"]

1. d4 Nf6 2. c4 e6 3. Nc3 d5 4. Nf3 c6 5. Bg5 Nbd7 6. e3 Qa5 7. Nd2 Bb4 8. Qc2 0-0 9. Be2 dxc4 10. Bxf6 Nxf6 11. Nxc4 Qc7 12. 0-0 Rd8 13. Rac1 Bd7 14. a3 Be7 15. b4 Be8 16. Qb3 Rac8 17. Bf3 Nd5 18. Ne4 Bf8 19. g3 Qe7 20. Nc5 Rc7 21. Rfd1 g6 22. e4 Nb6 23. Ne3 Nd7 24. e5 Nxc5 25. bxc5 f6 26. Bg4 Bf7 27. Nc4 Bg7 28. Qe3 f5 29. Be2 g5 30. Nd6 b6 31. Rb1 Rb8 32. Bc4 Rd7 33. Rb2 Rdd8 34. Rdb1 h6 35. Qf3 Qc7 36. Nxf7 g4 37. Nxh6+ Kh7 38. Nxg4 Rxd4 39. Bxe6 fxg4 40. Qf5+ 1-0

[Event "Forni di Sopra op 5th"]
[Site "Forni di Sopra"]
[Date "2014.06.20"]
[Round "8"]
[White "Teh, Eu Wen Aron"]
[Black "Cocchi, Andrea"]
[Result "1-0"]
[WhiteElo "2228"]
[BlackElo "2318"]
[PlyCount "138"]
[EventDate "2014.06.14"]
[EventType "swiss"]
[EventRounds "9"]
[EventCountry "ITA"]
[SourceTitle "CBM 160 Extra"]
[Source "ChessBase"]
[SourceDate "2014.07.01"]
[SourceVersion "1"]
[SourceVersionDate "2014.07.01"]
[SourceQuality "1"]

1. d4 g6 2. c4 Bg7 3. Nc3 d6 4. e4 Nd7 5. Be2 e5 6. Nf3 Ngf6 7. 0-0 0-0 8. Re1 c6 9. Bf1 a5 10. Rb1 Qc7 11. d5 Nc5 12. Nd2 Bd7 13. b3 Bh6 14. a3 Na6 15. Nf3 Bxc1 16. Rxc1 c5 17. Qd2 Kg7 18. g3 Bg4 19. Nh4 Qe7 20. Bg2 Nc7 21. Rf1 Nh5 22. Rce1 Rae8 23. h3 Bd7 24. Nd1 b6 25. Ne3 Kh8 26. Kh2 f5 27. exf5 gxf5 28. Bf3 Qg5 29. Bxh5 Qxh5 30. f4 e4 31. Qb2+ Kg8 32. Rg1 Kf7 33. b4 Rb8 34. Rg2 axb4 35. axb4 cxb4 36. Qxb4 Ke7 37. Ra1 Rb7 38. Rga2 Rfb8 39. Qb2 Qf7 40. Rd1 Ne8 41. Qd4 Qf6 42. Rb2 Kf7 43. Qxf6+ Kxf6 44. g4 fxg4 45. hxg4 h6 46. Rd4 b5 47. Rxe4 bxc4 48. Rxb7 Rxb7 49. Rxc4 Rb3 50. Re4 Nc7 51. Nf3 Bxg4 52. Nxg4+ Kf5 53. Nd2 Rd3 54. Ne3+ Kg6 55. Ndc4 Nxd5 56. Nxd5 Rxd5 57. Kg3 Rd3+ 58. Re3 Rd4 59. Nb2 Kf5 60. Nd3 h5 61. Rf3 h4+ 62. Kxh4 Ke4 63. Kg3 Kf5 64. Re3 Ra4 65. Kf3 Rd4 66. Ke2 Ra4 67. Re8 Re4+ 68. Rxe4 Kxe4 69. Kd2 d5 1-0